[Event "Stare Mesto op"]
[Site "Stare Mesto"]
[Date "2016.08.07"]
[Round "3"]
[White "Stefanik, Richard"]
[Black "Skalsky, Alexandr"]
[Result "1/2-1/2"]
[WhiteElo "1858"]
[BlackElo "2076"]
[PlyCount "55"]
[EventDate "2016.08.05"]
[EventType "swiss"]
[EventRounds "10"]
[EventCountry "CZE"]
[SourceTitle "CBM 173 Extra"]
[Source "ChessBase"]
[SourceDate "2016.08.29"]
[SourceVersion "1"]
[SourceVersionDate "2016.08.29"]
[SourceQuality "1"]

1. e4 c5 2. c3 Nf6 3. e5 Nd5 4. d4 cxd4 5. Nf3 e6 6. cxd4 d6 7. Nc3 Nxc3 8. bxc3 Qc7 9. Qb3 Nd7 10. Bf4 b6 11. Bb5 a6 12. Bxd7+ Bxd7 13. exd6 Bxd6 14. Bxd6 Qxd6 15. Ne5 b5 16. Nxd7 Qxd7 17. 0-0 0-0 18. a4 Rab8 19. axb5 axb5 20. Rfb1 Qc7 21. g3 Rfc8 22. Ra3 Qc6 23. Qb4 g6 24. Rab3 Qc4 25. Qxc4 Rxc4 26. Rxb5 Rxb5 27. Rxb5 Rxc3 28. d5 1/2-1/2

[Event "Orlova op-A 12th"]
[Site "Orlova"]
[Date "2015.05.26"]
[Round "3"]
[White "Kolar, Stanislav"]
[Black "Stefanik, Richard"]
[Result "1/2-1/2"]
[WhiteElo "2080"]
[BlackElo "1778"]
[PlyCount "74"]
[EventDate "2015.05.24"]
[EventType "swiss"]
[EventRounds "9"]
[EventCountry "CZE"]
[SourceTitle "CBM 166 Extra"]
[Source "ChessBase"]
[SourceDate "2015.06.18"]
[SourceVersion "1"]
[SourceVersionDate "2015.06.18"]
[SourceQuality "1"]

1. e4 e5 2. Bc4 Bc5 3. Nf3 Nc6 4. 0-0 Nf6 5. d3 d6 6. c3 Bg4 7. Nbd2 0-0 8. b4 Bb6 9. a4 a6 10. h3 Bh5 11. Re1 h6 12. Nf1 Re8 13. Be3 Bxe3 14. Nxe3 Nh7 15. g4 Bg6 16. Kg2 Ng5 17. Nh4 Ne6 18. Nxg6 fxg6 19. Qb3 Qf6 20. Nd5 Qf7 21. Nxc7 Qxc7 22. Bxe6+ Kh7 23. Re3 Rf8 24. Rae1 Rf6 25. Rf3 Qe7 26. Bd5 Rxf3 27. Kxf3 Qf6+ 28. Kg2 Rf8 29. Qc2 Qf3+ 30. Kh2 Qxf2+ 31. Qxf2 Rxf2+ 32. Kg3 Rc2 33. b5 axb5 34. axb5 Na5 35. Ra1 b6 36. Ra3 Rd2 37. Bc4 g5 1/2-1/2

[Event "Kouty nad Desnou op-A"]
[Site "Kouty nad Desnou"]
[Date "2015.03.14"]
[Round "9"]
[White "Sosovicka, Jakub"]
[Black "Stefanik, Richard"]
[Result "1/2-1/2"]
[WhiteElo "1758"]
[BlackElo "1754"]
[PlyCount "53"]
[EventDate "2015.03.07"]
[EventType "swiss"]
[EventRounds "9"]
[EventCountry "CZE"]
[SourceTitle "EXT 2017"]
[Source "ChessBase"]
[SourceDate "2016.10.25"]
[SourceVersion "1"]
[SourceVersionDate "2016.10.25"]
[SourceQuality "1"]

1. e4 e5 2. Nf3 Nc6 3. Bb5 a6 4. Ba4 d6 5. Bxc6+ bxc6 6. d4 exd4 7. Nxd4 Bd7 8. 0-0 Nf6 9. Qf3 c5 10. Nb3 Be7 11. Nc3 0-0 12. Re1 Re8 13. Bf4 Bg4 14. Qg3 Qc8 15. h3 Bd7 16. Rad1 Nh5 17. Qf3 Nxf4 18. Qxf4 Bf6 19. Nd5 Bxb2 20. c3 Be6 21. Re3 Bxd5 22. Rxd5 c4 23. Nd2 Bc1 24. e5 Rxe5 25. Rexe5 dxe5 26. Qxe5 Bxd2 27. Rxd2 1/2-1/2

[Event "Kouty nad Desnou op-A"]
[Site "Kouty nad Desnou"]
[Date "2015.03.10"]
[Round "4"]
[White "Stefanik, Richard"]
[Black "Valenta, Vit"]
[Result "0-1"]
[WhiteElo "1754"]
[BlackElo "2163"]
[PlyCount "56"]
[EventDate "2015.03.07"]
[EventType "swiss"]
[EventRounds "9"]
[EventCountry "CZE"]
[SourceTitle "EXT 2017"]
[Source "ChessBase"]
[SourceDate "2016.10.25"]
[SourceVersion "1"]
[SourceVersionDate "2016.10.25"]
[SourceQuality "1"]

1. e4 c5 2. c3 d5 3. exd5 Qxd5 4. d4 e6 5. Nf3 Nc6 6. Be3 Nf6 7. h3 cxd4 8. Nxd4 e5 9. Nxc6 Qxd1+ 10. Kxd1 bxc6 11. c4 Bf5 12. Nd2 Be7 13. Be2 0-0 14. Ke1 Rfb8 15. b3 Ba3 16. Bf3 Rc8 17. Ke2 e4 18. Bg4 Nxg4 19. hxg4 Bxg4+ 20. f3 exf3+ 21. gxf3 Bf5 22. Kf2 Re8 23. Rae1 Bb4 24. Reg1 a5 25. Nb1 a4 26. a3 Be7 27. b4 Bf6 28. c5 Bb2 0-1

[Event "CZE-chT U20 Extraliga Ost 1415"]
[Site "Czech Republic"]
[Date "2015.01.24"]
[Round "7.4"]
[White "Sramek, Ondrej"]
[Black "Stefanik, Richard"]
[Result "0-1"]
[WhiteElo "1863"]
[BlackElo "1736"]
[PlyCount "40"]
[EventDate "2014.10.11"]
[EventType "team-tourn"]
[EventRounds "11"]
[EventCountry "CZE"]
[SourceTitle "EXT 2021"]
[Source "ChessBase"]
[SourceDate "2020.10.23"]
[SourceVersion "1"]
[SourceVersionDate "2020.10.23"]
[SourceQuality "1"]
[WhiteTeam "Orlova Slavia (U20)"]
[BlackTeam "Stare Mesto (U20)"]
[WhiteTeamCountry "CZE"]
[BlackTeamCountry "CZE"]

1. e4 e5 2. Nf3 Nc6 3. Bc4 Bc5 4. c3 Nf6 5. d4 exd4 6. e5 d5 7. Bb5 Ne4 8. cxd4 Bb4+ 9. Bd2 Bxd2+ 10. Nbxd2 Nxd2 11. Nxd2 Bd7 12. Bxc6 Bxc6 13. 0-0 0-0 14. f4 f6 15. Rf3 fxe5 16. fxe5 Qh4 17. Nb3 Ba4 18. Rh3 Qf2+ 19. Kh1 Qxb2 20. Qh5 Qxa1+ 0-1

[Event "CZE-ch U12"]
[Site "Kouty nad Desnou"]
[Date "2009.03.08"]
[Round "2"]
[White "Stefanik, Richard"]
[Black "Szotkowski, Jakub"]
[Result "0-1"]
[WhiteElo "1536"]
[BlackElo "1714"]
[PlyCount "76"]
[EventDate "2009.03.07"]
[EventType "swiss"]
[EventRounds "9"]
[EventCountry "CZE"]
[SourceTitle "EXT 2011"]
[Source "ChessBase"]
[SourceDate "2010.11.26"]
[SourceVersion "1"]
[SourceVersionDate "2010.11.26"]
[SourceQuality "1"]

1. e4 e6 2. d4 d5 3. e5 c5 4. c3 Nc6 5. Nf3 Qb6 6. a3 c4 7. Be2 f6 8. 0-0 Bd7 9. Nbd2 fxe5 10. Nxe5 Nxe5 11. dxe5 Bc5 12. b4 cxb3 13. Qxb3 Ne7 14. Qxb6 Bxb6 15. Kh1 0-0 16. f4 Rac8 17. Bb2 Be3 18. Nf3 Bxf4 19. g3 Be3 20. Rad1 Nf5 21. g4 Nh6 22. h3 Nf7 23. c4 Bc6 24. cxd5 Bxd5 25. Rd3 Bf4 26. Rc3 Rxc3 27. Bxc3 Bxe5 28. Bb4 Bd6 29. Kg1 Bxb4 30. axb4 Bxf3 31. Bxf3 Ng5 32. Bg2 Rxf1+ 33. Kxf1 b6 34. b5 Kf8 35. h4 Nf7 36. Ke2 Ke7 37. Ke3 Kd6 38. Bc6 Ne5 0-1

[Event "Morava-ch U12"]
[Site "Havirov"]
[Date "2008.10.28"]
[Round "8"]
[White "Stefanik, Richard"]
[Black "Mrkus, Frantisek"]
[Result "1/2-1/2"]
[WhiteElo "1508"]
[BlackElo "1374"]
[PlyCount "79"]
[EventDate "2008.10.25"]
[EventType "swiss"]
[EventRounds "9"]
[EventCountry "CZE"]
[SourceTitle "EXT 2009"]
[Source "ChessBase"]
[SourceDate "2008.11.26"]
[SourceVersion "1"]
[SourceVersionDate "2008.11.26"]
[SourceQuality "1"]

1. e4 e5 2. Nf3 Nc6 3. Bb5 f5 4. exf5 e4 5. Bxc6 dxc6 6. Ng1 Nf6 7. Nc3 Bxf5 8. f3 exf3 9. Nxf3 Bd6 10. 0-0 0-0 11. d3 Qe8 12. Qe1 Bc5+ 13. Kh1 Qxe1 14. Rxe1 Rae8 15. Bd2 Nd5 16. Nxd5 cxd5 17. d4 Bd6 18. c3 c6 19. Rxe8 Rxe8 20. Re1 Rxe1+ 21. Bxe1 h6 22. Kg1 Be4 23. Nd2 Bf5 24. g3 Bg4 25. Kg2 Kf7 26. h3 Bf5 27. g4 Bg6 28. Bg3 Bxg3 29. Kxg3 Bc2 30. h4 Ke7 31. Kf4 Ke6 32. Nb3 Bxb3 33. axb3 g6 34. c4 b6 35. Ke3 a5 36. Kf4 b5 37. c5 b4 38. Ke3 h5 39. Kf4 Kf6 40. Kf3 1/2-1/2

[Event "Morava-ch U12"]
[Site "Havirov"]
[Date "2008.10.25"]
[Round "2"]
[White "Stefanik, Richard"]
[Black "Svoboda, Matej"]
[Result "0-1"]
[WhiteElo "1508"]
[BlackElo "1835"]
[PlyCount "69"]
[EventDate "2008.10.25"]
[EventType "swiss"]
[EventRounds "9"]
[EventCountry "CZE"]
[SourceTitle "EXT 2009"]
[Source "ChessBase"]
[SourceDate "2008.11.26"]
[SourceVersion "1"]
[SourceVersionDate "2008.11.26"]
[SourceQuality "1"]

1. e4 c5 2. c3 d5 3. exd5 Qxd5 4. d4 Nc6 5. Nf3 Bg4 6. Be2 cxd4 7. cxd4 e6 8. Nc3 Qd8 9. Be3 Nf6 10. a3 Be7 11. 0-0 0-0 12. Ne5 Bxe2 13. Nxe2 Nd5 14. Nxc6 bxc6 15. Nf4 Bd6 16. Nxd5 cxd5 17. g3 Rb8 18. b4 a5 19. bxa5 Qxa5 20. Qd3 Rfc8 21. Rfc1 Rxc1+ 22. Bxc1 Qa4 23. Bf4 Bxf4 24. gxf4 g6 25. Qd1 Qxd1+ 26. Rxd1 Ra8 27. Ra1 Ra4 28. Kf1 Rxd4 29. a4 Rc4 30. a5 Rc7 31. a6 Ra7 32. Ke2 Kf8 33. Kd3 Ke7 34. Kc3 Kd6 35. Kb4 0-1

[Event "CZE-ch U10"]
[Site "Sec u Chrudimi"]
[Date "2008.03.15"]
[Round "9"]
[White "Stefanik, Richard"]
[Black "Petr, Jan"]
[Result "1/2-1/2"]
[WhiteElo "1250"]
[BlackElo "1554"]
[PlyCount "36"]
[EventDate "2008.03.08"]
[EventType "swiss"]
[EventRounds "9"]
[EventCountry "CZE"]
[SourceTitle "EXT 2009"]
[Source "ChessBase"]
[SourceDate "2008.11.26"]
[SourceVersion "1"]
[SourceVersionDate "2008.11.26"]
[SourceQuality "1"]

1. e4 c5 2. c3 d5 3. exd5 Qxd5 4. d4 e6 5. Nf3 Nf6 6. Be2 Nc6 7. 0-0 Be7 8. Be3 cxd4 9. Nxd4 Nxd4 10. Qxd4 Qxd4 11. Bxd4 0-0 12. Nd2 Nd5 13. Nf3 b6 14. Be5 Bf6 15. Bxf6 Nxf6 16. Rfe1 Bb7 17. Nd4 Rfd8 18. Rad1 Kf8 1/2-1/2

[Event "CZE-ch U10"]
[Site "Sec u Chrudimi"]
[Date "2008.03.11"]
[Round "5"]
[White "Pajersky, Michal"]
[Black "Stefanik, Richard"]
[Result "0-1"]
[WhiteElo "1406"]
[BlackElo "1250"]
[PlyCount "114"]
[EventDate "2008.03.08"]
[EventType "swiss"]
[EventRounds "9"]
[EventCountry "CZE"]
[SourceTitle "EXT 2009"]
[Source "ChessBase"]
[SourceDate "2008.11.26"]
[SourceVersion "1"]
[SourceVersionDate "2008.11.26"]
[SourceQuality "1"]

1. e4 e5 2. Nf3 Nc6 3. Bc4 Bc5 4. c3 Nf6 5. d4 exd4 6. cxd4 Bb4+ 7. Bd2 Bxd2+ 8. Nbxd2 d5 9. exd5 Nxd5 10. 0-0 0-0 11. Qb3 Na5 12. Qc2 Nxc4 13. Qxc4 c6 14. Rfe1 Be6 15. Qe2 Re8 16. Qd1 Bd7 17. Rxe8+ Qxe8 18. Qb3 Rb8 19. Re1 Qd8 20. Ne5 Be6 21. Qd1 Bf5 22. Ndf3 f6 23. Nd3 Qb6 24. b3 Qa6 25. Nc1 Rd8 26. Nh4 Bg6 27. Nxg6 hxg6 28. Qd2 Kf7 29. Nd3 b6 30. Re2 Re8 31. Rxe8 Kxe8 32. Qe2+ Kf8 33. Kf1 Nc3 34. Qf3 Nxa2 35. Ke2 Nb4 36. Kd2 Qxd3+ 37. Qxd3 Nxd3 38. Kxd3 Ke7 39. Ke4 Ke6 40. Kd3 Kd5 41. f3 a5 42. Kc3 b5 43. Kd3 a4 44. bxa4 bxa4 45. Kc3 a3 46. Kb3 Kxd4 47. Kxa3 c5 48. Kb2 Kd3 49. Kc1 c4 50. h3 Ke2 51. Kc2 Kf2 52. Kc3 Kxg2 53. Kxc4 Kxf3 54. Kd4 Kg3 55. Ke4 f5+ 56. Ke3 f4+ 57. Ke2 Kg2 0-1

[Event "CZE-ch U10"]
[Site "Sec u Chrudimi"]
[Date "2007.03.12"]
[Round "3"]
[White "Vlcek, Vilem"]
[Black "Stefanik, Richard"]
[Result "1/2-1/2"]
[WhiteElo "1250"]
[BlackElo "1272"]
[PlyCount "62"]
[EventDate "2007.03.10"]
[EventType "swiss"]
[EventRounds "9"]
[EventCountry "CZE"]
[SourceTitle "EXT 2008"]
[Source "ChessBase"]
[SourceDate "2007.11.25"]
[SourceVersion "1"]
[SourceVersionDate "2007.11.25"]
[SourceQuality "1"]

1. e4 e5 2. Nf3 Nc6 3. d4 exd4 4. Nxd4 Bc5 5. Be3 Qf6 6. c3 Nxd4 7. Bxd4 Bxd4 8. cxd4 d6 9. Nc3 c6 10. Qd2 Ne7 11. f4 b6 12. g3 0-0 13. Bg2 Ba6 14. b4 Bc4 15. Bf1 Bxf1 16. Rxf1 a5 17. Rb1 b5 18. a3 a4 19. Rd1 Rfe8 20. Kf2 Rad8 21. Kg1 Nc8 22. Qc2 Nb6 23. Rfe1 Nc4 24. Nb1 Qg6 25. Qd3 Nb2 26. Qc2 Nxd1 27. Rxd1 Rc8 28. Nc3 c5 29. f5 Qg5 30. Nxb5 cxb4 31. Qxa4 Qe3+ 1/2-1/2